Những bí quyết để thành công trong kinh doanh; T1 = Thương nhân binh pháp

Wedi'i Gadw mewn:
Manylion Llyfryddiaeth
Prif Awdur: Phương Vỹ
Fformat: Llyfr
Iaith:Undetermined
Cyhoeddwyd: Hà Nội KHXH 2001
Pynciau:
Tagiau: Ychwanegu Tag
Dim Tagiau, Byddwch y cyntaf i dagio'r cofnod hwn!
Thư viện lưu trữ: Trung tâm Học liệu Trường Đại học Cần Thơ
LEADER 00569nam a2200181Ia 4500
001 CTU_44219
008 210402s9999 xx 000 0 und d
082 |a 658.47 
082 |b Ph561/T.1 
100 |a Phương Vỹ 
245 0 |a Những bí quyết để thành công trong kinh doanh; T1 
245 0 |b = Thương nhân binh pháp 
245 0 |c Phương Vỹ; Dịch giả: Nguyễn Huy 
260 |a Hà Nội 
260 |b KHXH 
260 |c 2001 
650 |a business intelligence 
980 |a Trung tâm Học liệu Trường Đại học Cần Thơ